[Event "18th Caspian Cup-A 2020"]
[Site "Rasht"]
[Date "2020.02.16"]
[Round "4.7"]
[White "Mirzoev, Azer"]
[Black "Khoshkalam, Seyed Mehrab"]
[Result "1/2-1/2"]
[WhiteElo "2439"]
[BlackElo "2280"]
[Annotator "ChessBase"]
[PlyCount "167"]
[EventDate "2020.02.14"]
[EventType "swiss"]
[EventCountry "IRI"]
[SourceTitle "playchess.com"]
[Source "ChessBase"]
[SourceQuality "1"]
[TimeControl "5400+30"]

1. d4 {[%emt 0:00:08]} Nf6 {[%emt 0:05:46]} 2. Nf3 {[%emt 0:01:03]} e6 {[%emt 0:01:45]} 3. c4 {[%emt 0:02:03]} b6 {[%emt 0:00:35]} 4. Nc3 {[%emt 0:00:07]} Bb7 {[%emt 0:01:03]} 5. Bg5 {[%emt 0:00:29]} Bb4 {[%emt 0:02:13]} 6. Qb3 c5 {[%emt 0:09:42]} 7. a3 {[%emt 0:01:12]} Bxc3+ {[%emt 0:02:10]} 8. Qxc3 {[%emt 0:00:04]} h6 {[%emt 0:00:45]} 9. Bh4 {[%emt 0:01:53]} g5 {[%emt 0:08:48]} 10. Bg3 {[%emt 0:01:05]} Ne4 {[%emt 0:00:25]} 11. Qd3 {[%emt 0:00:57]} Nxg3 {[%emt 0:05:17]} 12. hxg3 {[%emt 0:00:07]} Qf6 {[%emt 0:02:07]} 13. O-O-O {[%emt 0:07:20]} Bxf3 {[%emt 0:14:07]} 14. exf3 {[%emt 0:07:25]} Qxd4 {[%emt 0:04:01]} 15. Qxd4 {[%emt 0:00:11]} cxd4 {[%emt 0:00:02]} 16. Rxd4 {[%emt 0:00:07]} Nc6 {[%emt 0:00:12]} 17. Rd1 {[%emt 0:00:28]} Rc8 {[%emt 0:01:19]} 18. b3 {[%emt 0:03:18]} Ke7 {[%emt 0:03:59]} 19. g4 {[%emt 0:09:11]} e5 {[%emt 0:02:41]} 20. Kb2 {[%emt 0:00:25]} Nd4 {[%emt 0:01:26]} 21. Bd3 {[%emt 0:00:52]} d6 {[%emt 0:01:18]} 22. Be4 {[%emt 0:01:43]} Kf6 {[%emt 0:02:31]} 23. g3 {[%emt 0:01:03]} Kg7 {[%emt 0:00:15]} 24. f4 {[%emt 0:01:26]} f6 {[%emt 0:00:21]} 25. a4 {[%emt 0:09:27]} Rc7 {[%emt 0:01:43]} 26. Rh5 {[%emt 0:00:22]} a6 {[%emt 0:01:55]} 27. Bd3 {[%emt 0:14:37]} Rc5 {[%emt 0:07:52]} 28. Rhh1 {[%emt 0:11:21]} Rc7 {[%emt 0:04:36]} 29. Rd2 {[%emt 0:01:02]} Re7 {[%emt 0:02:59]} 30. Be4 {[%emt 0:01:28]} Rb8 {[%emt 0:01:10]} 31. Rc1 {[%emt 0:02:57]} Ra7 {[%emt 0:00:54]} 32. Bd3 {[%emt 0:02:58]} Rc7 {[%emt 0:03:39]} 33. Rdd1 {[%emt 0:00:16]} Rbc8 {[%emt 0:01:02]} 34. Re1 {[%emt 0:02:48]} Rh8 {[%emt 0:02:01]} 35. Be4 {[%emt 0:00:52]} Re7 {[%emt 0:01:04]} 36. Rcd1 {[%emt 0:01:00]} Ra7 {[%emt 0:01:48]} 37. Bd5 {[%emt 0:01:22]} Rf8 {[%emt 0:02:15]} 38. f3 {[%emt 0:04:21]} Rc7 {[%emt 0:01:24]} 39. Be4 {[%emt 0:04:45]} Rb8 {[%emt 0:00:39]} 40. fxg5 {[%emt 0:02:48]} hxg5 {[%emt 0:01:32]} 41. Rh1 {[%emt 0:00:14]} Rh8 {[%emt 0:00:24]} 42. Rxh8 {[%emt 0:00:04]} Kxh8 {[%emt 0:00:03]} 43. Rh1+ {[%emt 0:00:12]} Kg8 {[%emt 0:00:02]} 44. b4 {[%emt 0:03:17]} a5 {[%emt 0:00:40]} 45. bxa5 {[%emt 0:00:46]} bxa5 {[%emt 0:00:00]} 46. Kc3 {[%emt 0:00:27]} Rc8 {[%emt 0:01:52]} 47. Rb1 {[%emt 0:00:35]} Kf8 {[%emt 0:00:35]} 48. Rb6 {[%emt 0:00:49]} Ke7 {[%emt 0:00:15]} 49. Rb7+ {[%emt 0:00:05]} Kf8 {[%emt 0:00:30]} 50. Bd5 {[%emt 0:00:18]} Ke8 {[%emt 0:00:17]} 51. Kd3 {[%emt 0:00:17]} Kd8 {[%emt 0:00:58]} 52. Rf7 {[%emt 0:01:32]} Rb8 {[%emt 0:00:13]} 53. Rxf6 {[%emt 0:00:28]} Rb3+ {[%emt 0:00:46]} 54. Ke4 {[%emt 0:00:10]} Ke7 {[%emt 0:00:17]} 55. Rf7+ {[%emt 0:00:13]} Ke8 {[%emt 0:00:10]} 56. Rf6 {[%emt 0:01:47]} Ke7 {[%emt 0:00:01]} 57. Rf7+ {[%emt 0:00:28]} Ke8 {[%emt 0:00:00]} 58. c5 {[%emt 0:00:59]} Rb4 {[%emt 0:00:08]} 59. Rb7 {[%emt 0:01:01]} Ne6+ {[%emt 0:02:25]} 60. Kf5 {[%emt 0:00:18]} Rxb7 {[%emt 0:00:16]} 61. Bxb7 {[%emt 0:00:05]} Nxc5 {[%emt 0:00:03]} 62. Bc6+ {[%emt 0:00:07]} Ke7 {[%emt 0:00:16]} 63. Kxg5 {[%emt 0:00:25]} d5 {[%emt 0:01:11]} 64. Bxd5 {[%emt 0:00:58]} Nxa4 {[%emt 0:00:01]} 65. Kf5 {[%emt 0:00:52]} Nc3 {[%emt 0:00:41]} 66. Kxe5 {[%emt 0:00:11]} a4 {[%emt 0:00:02]} 67. Bc4 {[%emt 0:00:13]} a3 {[%emt 0:00:03]} 68. f4 {[%emt 0:00:56]} a2 {[%emt 0:00:01]} 69. Bxa2 {[%emt 0:00:04]} Nxa2 {[%emt 0:00:03]} 70. g5 {[%emt 0:00:10]} Nb4 {[%emt 0:00:15]} 71. g4 {[%emt 0:00:36]} Kf7 {[%emt 0:00:22]} 72. f5 {[%emt 0:00:26]} Nc6+ {[%emt 0:00:12]} 73. Kd6 {[%emt 0:00:27]} Ne7 {[%emt 0:00:27]} 74. Kd7 {[%emt 0:00:38]} Ng6 {[%emt 0:00:15]} 75. Kd6 {[%emt 0:00:48]} Ne7 {[%emt 0:00:08]} 76. Kc5 {[%emt 0:00:23]} Ng6 {[%emt 0:00:32]} 77. Kd4 {[%emt 0:00:05]} Ne7 {[%emt 0:00:04]} 78. Ke4 {[%emt 0:00:05]} Kg8 {[%emt 0:01:12]} 79. Kf4 {[%emt 0:00:53]} Kf7 {[%emt 0:00:07]} 80. Kg3 {[%emt 0:00:03]} Nd5 {[%emt 0:01:36]} 81. g6+ {[%emt 0:01:00]} Kf6 {[%emt 0:01:09]} 82. Kf3 {[%emt 0:00:12]} Ne7 {[%emt 0:00:17]} 83. Kf4 {[%emt 0:00:02]} Nxg6+ {[%emt 0:00:07]} 84. fxg6 {[%emt 0:00:03]} 1/2-1/2

[Event "18th Caspian Cup-A 2020"]
[Site "Rasht"]
[Date "2020.02.16"]
[Round "4.8"]
[White "Mosadeghpour, Masoud"]
[Black "Jahedi, Mani"]
[Result "1-0"]
[WhiteElo "2499"]
[BlackElo "2127"]
[Annotator "RC"]
[PlyCount "115"]
[EventDate "2020.02.14"]
[EventType "swiss"]
[EventCountry "IRI"]
[SourceTitle "playchess.com"]
[Source "ChessBase"]
[SourceQuality "1"]
[TimeControl "5400+30"]

1. e4 {[%emt 0:27:57]} c5 {[%emt 0:00:00]} 2. Nf3 {[%emt 0:00:59]} Nc6 {[%emt 0:00:00]} 3. d4 {[%emt 0:00:21]} cxd4 {[%emt 0:00:00]} 4. c3 {[%emt 0:00:05]} Nf6 {[%emt 0:00:09]} 5. e5 {[%emt 0:00:25]} Nd5 {[%emt 0:00:07]} 6. Bc4 {[%emt 0:00:14]} Nb6 {[%emt 0:04:53]} 7. Bb3 {[%emt 0:00:10]} d6 {[%emt 0:02:22]} 8. exd6 {[%emt 0:01:57]} Qxd6 {[%emt 0:01:08]} 9. O-O {[%emt 0:00:07]} Be6 {[%emt 0:03:59]} 10. Na3 {[%emt 0:01:05]} Bxb3 {[%emt 0:09:41]} 11. Qxb3 {[%emt 0:00:49]} e6 {[%emt 0:04:39]} 12. Nb5 {[%emt 0:01:40]} Qd7 {[%emt 0:01:23]} 13. Nbxd4 {[%emt 0:10:04]} Nxd4 {[%emt 0:04:03]} 14. Nxd4 {[%emt 0:01:23]} Be7 {[%emt 0:11:24]} 15. Rd1 {[%emt 0:03:21]} O-O {[%emt 0:03:43]} 16. Nf5 {[%emt 0:03:43]} Qc7 {[%emt 0:02:10]} 17. Nxe7+ {[%emt 0:00:09]} Qxe7 {[%emt 0:00:01]} 18. Bf4 {[%emt 0:00:48]} Nd5 {[%emt 0:11:50]} 19. Bg3 {[%emt 0:03:22]} Rfd8 {[%emt 0:01:48]} 20. Rd4 {[%emt 0:02:54]} Rd7 {[%emt 0:05:28]} 21. Rad1 {[%emt 0:02:01]} Rad8 {[%emt 0:01:59]} 22. h3 {[%emt 0:08:15]} Nb6 {[%emt 0:05:09]} 23. Bh4 {[%emt 0:11:12]} g5 {[%emt 0:13:33]} 24. Rxd7 {[%emt 0:01:27]} Nxd7 {[%emt 0:00:56]} 25. Bg3 {[%emt 0:04:45]} Nc5 {[%emt 0:00:07]} 26. Rxd8+ {[%emt 0:00:34]} Qxd8 {[%emt 0:00:01]} 27. Qb5 {[%emt 0:01:47]} Ne4 {[%emt 0:05:34]} 28. Be5 {[%emt 0:02:46]} b6 {[%emt 0:04:26]} 29. Bd4 {[%emt 0:04:51]} f6 {[%emt 0:03:17]} 30. Qc6 {[%emt 0:00:14]} Qd5 {[%emt 0:00:38]} 31. Qe8+ {[%emt 0:00:05]} Kg7 {[%emt 0:00:10]} 32. Qe7+ {[%emt 0:00:04]} Kg8 {[%emt 0:00:50]} 33. Bxf6 {[%emt 0:04:34]} Nxf6 {[%emt 0:00:17]} 34. Qxf6 {[%emt 0:00:02]} Qxa2 {[%emt 0:00:30]} 35. Qxg5+ {[%emt 0:00:01]} Kf7 {[%emt 0:00:01]} 36. Qf4+ {[%emt 0:00:42]} Kg6 {[%emt 0:00:45]} 37. Qe4+ {[%emt 0:01:03]} Kg7 {[%emt 0:00:43]} 38. Qd4+ {[%emt 0:00:16]} Kg6 {[%emt 0:00:09]} 39. Qd3+ {[%emt 0:00:59]} Kg7 {[%emt 0:00:16]} 40. Qd2 {[%emt 0:00:01]} h6 {[%emt 0:01:09]} 41. h4 {[%emt 0:00:20]} Kg6 {[%emt 0:00:37]} 42. Qe2 {[%emt 0:00:38]} Qd5 {[%emt 0:00:28]} 43. Qg4+ {[%emt 0:00:24]} Kf6 {[%emt 0:00:30]} 44. Qf4+ {[%emt 0:01:21]} Kg6 {[%emt 0:00:13]} 45. g4 {[%emt 0:00:35]} Qd1+ {[%emt 0:00:44]} 46. Kg2 {[%emt 0:00:34]} Qd5+ {[%emt 0:00:30]} 47. Kh2 {[%emt 0:00:26]} Qb3 {[%emt 0:00:34]} 48. h5+ {[%emt 0:01:54]} Kg7 {[%emt 0:00:00]} 49. Qc7+ {[%emt 0:00:29]} Kg8 {[%emt 0:00:41]} 50. Qb8+ {[%emt 0:00:09]} Kg7 {[%emt 0:00:13]} 51. Qxa7+ {[%emt 0:00:05]} Kg8 {[%emt 0:00:08]} 52. Qb8+ {[%emt 0:00:09]} Kg7 {[%emt 0:00:12]} 53. Qe5+ {[%emt 0:00:08]} Kf7 {[%emt 0:00:23]} 54. Qf4+ {[%emt 0:00:31]} Kg7 {[%emt 0:00:01]} 55. Qe4 {[%emt 0:00:18]} Qxb2 {[%emt 0:01:06]} 56. Qg6+ {[%emt 0:00:05]} Kf8 {[%emt 0:00:10]} 57. Qxh6+ {[%emt 0:00:12]} Ke7 {[%emt 0:00:11]} 58. Qe3 {[%emt 0:00:28]} 1-0

[Event "18th Caspian Cup-A 2020"]
[Site "Rasht"]
[Date "2020.02.17"]
[Round "5.1"]
[White "Rasulov, Vugar"]
[Black "Harutjunyan, Gevorg"]
[Result "0-1"]
[WhiteElo "2476"]
[BlackElo "2444"]
[Annotator "TA"]
[PlyCount "124"]
[EventDate "2020.02.14"]
[EventType "swiss"]
[EventCountry "IRI"]
[SourceTitle "playchess.com"]
[Source "ChessBase"]
[SourceQuality "1"]

{[%evp 18,124,37,37,35,27,46,28,47,47,47,49,72,64,88,94,91,48,56,51,54,40,54,37,43,42,52,31,35,31,43,49,53,39,42,27,28,0,0,0,0,0,36,46,43,0,0,0,0,0,0,-116,-112,-254,-236,-235,-245,-240,-229,-223,-199,-199,-194,-176,-135,-183,-121,-139,-132,-136,-127,-162,-176,-182,-200,-175,-127,-383,-395,-385,-365,-322,-175,-506,-480,-712,-709,-677,-677,-587,-607,-610,-602,-898,-852,-1200,-1120,-1918,-1882,-29973,-29975,-29977,-29977,-29977,-29978,-29978,-29978,-29977,-29942]} 1. d4 Nf6 2. Nf3 g6 3. g3 Bg7 4. Bg2 O-O 5. O-O d6 6. c4 c6 7. Nc3 Qa5 8. e4 e5 9. d5 cxd5 10. cxd5 Bd7 {E62: King's Indian: Fianchetto: 6...c6 and Panno Variation (6...Nc6) without ...a6.} 11. a3 Rc8 {[#]} 12. Ne1 $146 ({Predecessor:} 12. b4 Qd8 13. Bd2 a5 14. Ne1 axb4 15. axb4 Rxa1 16. Qxa1 Na6 17. Nc2 Nc7 18. Na3 {½-½ (41) Sargissian,G (2603)-Izoria,Z (2652) Moscow 2006}) 12... Be8 {White has an edge.} 13. Nd3 Nbd7 14. a4 a6 15. Be3 Rc4 16. f3 h5 17. h3 h4 18. g4 Nh7 19. Re1 Bf6 20. Bf1 Bg5 21. Bf2 Rac8 22. Re2 Qd8 23. a5 Qf6 24. Kg2 Qg7 25. Na4 f5 26. b3 R4c7 $1 27. Nab2 Ndf6 {[%cal Bd7f6,Bf6e4,Be4c3][%mdl 32]} 28. Nc4 fxe4 29. fxe4 Rxc4 30. bxc4 Rxc4 31. Rc2 Rxc2 32. Qxc2 Nxe4 33. Qc8 Qf7 {And now ...Nf8 would win.} 34. Qe6 (34. Rb1 $11 {keeps the balance.} Nd2 35. Rxb7 Qxd5+ {[%mdl 64] Double Attack} 36. Kg1 Nf3+ 37. Kh1 Ne1+ 38. Kh2 Nf3+ 39. Kh1 Ne1+ 40. Kh2 Nf3+ 41. Kh1) 34... Nhf6 35. Kg1 (35. Nb4 $17) 35... Nxd5 $19 36. Qxf7+ Kxf7 37. Bg2 Nec3 38. Be1 Bb5 39. Nb4 Nxb4 40. Bxc3 Be3+ 41. Kh1 Nc6 ({Black should try} 41... Nd3 $19 42. Bd5+ Ke7 43. Bxb7 Ke6 44. Bc8+ Kd5) 42. Bd5+ Ke7 43. Kg2 Kd7 44. Be1 g5 $1 45. Kf3 {[#]} Bf4 $1 {Threatens to win with ...Nd4+.} 46. Bf2 Bd3 47. Be3 $2 {[%mdl 8192] [#]} (47. Kg2 $17 {was necessary.}) 47... e4+ $1 48. Kf2 {[#]} (48. Bxe4 Ne5+) 48... Nb4 $1 49. Bb3 Bc2 (49... Bb5 $142 {Hoping for ...Nd3+.} 50. Ba4 Ke6 51. Bxb5 axb5) 50. Bg8 $2 (50. Bxf4 {was the crucial defense.} gxf4 51. Bxc2 Nxc2 52. Rb1) 50... d5 51. Rg1 (51. Ba7 $142 Be5 52. Rf1) 51... Bxe3+ 52. Kxe3 {[%mdl 4096] Endgame KRB-KBN} Bd3 53. Rc1 Kd6 54. Rc8 Nc6 55. Kd2 Ke5 56. Kc3 d4+ 57. Kd2 Bb5 58. Bh7 e3+ {Black mates.} 59. Ke1 d3 60. Re8+ Kf4 61. Rf8+ {[#]} Kg3 $1 62. Re8 Nd4 {Accuracy: White = 53%, Black = 87%.} 0-1

[Event "18th Caspian Cup-A 2020"]
[Site "Rasht"]
[Date "2020.02.17"]
[Round "5.2"]
[White "Iskandarov, Misratdin"]
[Black "Daneshvar, Bardiya"]
[Result "1-0"]
[WhiteElo "2520"]
[BlackElo "2327"]
[Annotator "TA"]
[PlyCount "59"]
[EventDate "2020.02.14"]
[EventType "swiss"]
[EventCountry "IRI"]
[SourceTitle "playchess.com"]
[Source "ChessBase"]
[SourceQuality "1"]

{[%evp 9,71,0,0,0,0,0,0,0,0,0,0,0,0,5,0,0,0,0,0,0,0,1,45,43,68,60,96,99,133,130,138,80,133,123,151,132,163,127,119,130,181,189,475,489,485,450,512,488,652,639,843,820,1064,1051,889,887,29979,29977,29971,1643,29962,6311,29995,29996]} 1. e4 c6 2. Nc3 d5 3. Nf3 Nf6 4. e5 Ne4 5. Nxe4 dxe4 6. Ng5 {Black should prevent e6. B11: Caro-Kann: Two Knights Variation.} Qd5 7. Qe2 Bf5 8. g4 {The position is equal.} Bg6 $1 9. Bg2 {[%cal Rg5e4]} Qxe5 10. Nxe4 h5 11. g5 {[#]} h4 $146 ({Predecessor:} 11... Bxe4 12. g6 f5 13. f3 Nd7 14. fxe4 e6 15. exf5 Qxf5 16. Qe4 Bc5 17. c3 Qxe4+ 18. Bxe4 {½-½ (35) Lu,S (2624)-Wei,Y (2741) Daqing 2019}) 12. f4 Qxf4 13. d4 Qc7 14. O-O e6 15. Bf4 Qd8 16. Rad1 $36 {[%mdl 2048] White has some pressure.} h3 17. Bf3 Be7 18. Nc5 O-O 19. Nxb7 Qb6 {[#]} 20. Nd6 ({Better is} 20. Bh5 $1 {[%cal Rh5g6] Hoping for Bxg6.} Qa6 21. c3) 20... Bxd6 (20... Nd7 $142) 21. Bxd6 $16 Rd8 {[#]} 22. c4 $1 {And now c5 would win.} Qa5 23. Be5 Nd7 24. Bxc6 Nxe5 (24... Rac8 $16 25. Bxd7 Rxd7) 25. Qxe5 $18 Qxa2 $2 (25... Qxe5 {was worth a try.} 26. dxe5 Rab8) 26. Bxa8 Rxa8 27. Qb5 {Threatens to win with Ra1.} Rc8 28. Rc1 a6 29. Qb4 Bd3 30. g6 {Played: Rf1-f3} 1-0

[Event "18th Caspian Cup-A 2020"]
[Site "Rasht"]
[Date "2020.02.17"]
[Round "5.3"]
[White "Chighladze, Iveri"]
[Black "Mosadeghpour, Masoud"]
[Result "0-1"]
[WhiteElo "2346"]
[BlackElo "2499"]
[Annotator "TA"]
[PlyCount "102"]
[EventDate "2020.02.14"]
[EventType "swiss"]
[EventCountry "IRI"]
[SourceTitle "playchess.com"]
[Source "ChessBase"]
[SourceQuality "1"]

{[%evp 16,102,37,30,44,37,42,33,34,33,47,57,46,42,49,0,0,0,7,-15,-12,0,-9,-71,-62,-76,-65,-49,-40,-46,-23,-151,-149,-135,-153,-152,-150,-149,-129,-165,-153,-154,-112,-110,-124,-124,-78,-98,-69,-75,-58,-261,-247,-300,-290,-292,-300,-793,-776,-785,-769,-2643,-1836,-29963,-29964,-29964,-29965,-29963,-29962,-29961,-29960,-29964,-29965,-29965,-29965,-29975,-29976,-29977,-29978,-29979,-29980,-29983,-29984,-29986,-29987,-29987,-29988,-29988,-29989]} 1. d4 Nf6 2. c4 g6 3. Nc3 d5 4. Bg5 Ne4 5. Bh4 c5 6. cxd5 Nxc3 7. bxc3 Qxd5 8. e3 Nc6 9. Qf3 Qxf3 {D80: Grünfeld: Unusual White 4th moves and 4 Bg5.} 10. Nxf3 cxd4 11. cxd4 e6 {White is slightly better.} 12. Bb5 Bb4+ 13. Ke2 Bd7 14. Rab1 Be7 {[#]} 15. Bg3 $146 ({Predecessor:} 15. Bxe7 Kxe7 16. Rhc1 Rhc8 17. e4 a6 18. Bxc6 Bxc6 19. Ke3 f6 20. Rb6 Rd8 21. g4 {1-0 (48) Lange,H-Meyer,H Delmenhorst 1981}) 15... a6 16. Bd3 Nb4 17. Ne5 Bb5 $1 18. Bxb5+ axb5 19. Rhc1 (19. a3 $11 Rxa3 20. Rhc1) 19... f6 $1 $17 {[%cal Rf6e5]} (19... Rxa2+ $6 20. Kf3 $14) 20. Nf3 Nxa2 ({Don't play} 20... Rxa2+ 21. Kf1 $11) 21. Rc7 b4 {Strongly threatening ...Bd8.} (21... Bd8 $5 {[%cal Rd8c7]} 22. Rc2 Ra3 $11) 22. Kd3 Ra3+ (22... b5 {feels hotter.} 23. Nd2 Nc3 24. Rb2 h5 25. h4 g5) 23. Kc2 (23. Kd2 $1 $11) 23... Rc3+ 24. Rxc3 Nxc3 25. Ra1 Kd7 $1 26. Nd2 h5 {White must now prevent ...h4.} 27. Ra7 Kc6 {Threatens to win with ...h4.} 28. f3 h4 29. Be1 h3 30. g3 Nb5 31. Ra1 e5 32. dxe5 $1 fxe5 33. Nc4 $2 (33. Kb3 $1 $15) 33... Na3+ $1 $19 {[%mdl 64] Double Attack} 34. Kb3 Nxc4 35. Kxc4 {[%mdl 4096] Endgame KRB-KRB} Rd8 36. Ra5 $2 (36. Rc1 b5+ 37. Kb3+ Kb6 38. Bxb4 Bxb4 39. Kxb4) 36... Rd1 37. Bxb4 {[#]} b5+ $1 {[%mdl 512]} 38. Rxb5 Rc1+ 39. Bc3 {[#]} Rxc3+ $1 {[%mdl 576] Deflection. Black mates.} 40. Kxc3 Kxb5 {KB-KP} 41. Kd3 Kc5 42. Ke4 Kd6 43. f4 Ke6 44. Kf3 exf4 45. exf4 {KB-K3P} Kf5 46. g4+ {[#]} Kf6 $1 47. Kg3 Bd6 48. Kf3 g5 49. fxg5+ Kxg5 50. Kf2 Bxh2 51. Kf3 {[#]} Kh4 $1 {Accuracy: White = 55%, Black = 93%.} 0-1

[Event "18th Caspian Cup-A 2020"]
[Site "Rasht"]
[Date "2020.02.17"]
[Round "5.4"]
[White "Pourramezanali, Amirreza"]
[Black "Gholami Orimi, Mahdi"]
[Result "1-0"]
[WhiteElo "2497"]
[BlackElo "2434"]
[Annotator "TA"]
[PlyCount "87"]
[EventDate "2020.02.14"]
[EventType "swiss"]
[EventCountry "IRI"]
[SourceTitle "playchess.com"]
[Source "ChessBase"]
[SourceQuality "1"]

{[%evp 24,87,14,26,41,39,56,61,67,63,62,52,79,76,76,75,75,75,75,86,74,75,80,60,78,85,77,75,93,93,90,97,93,70,73,62,118,118,118,118,118,112,133,133,287,287,217,217,287,287,279,247,1497,1483,1345,1186,29971,29972,29970,29969,29977,29978,29978,29979,29978,29976]} 1. Nf3 Nf6 2. c4 e6 3. g3 d5 4. Bg2 Be7 5. O-O O-O 6. d4 dxc4 7. Ne5 Nc6 8. Bxc6 bxc6 9. Nxc6 Qe8 10. Nxe7+ Qxe7 11. Qa4 c5 12. Qxc4 cxd4 13. Qxd4 Rd8 {E05: Open Catalan: 5 Nf3 Be7.} 14. Qh4 Ba6 15. Nc3 {[#]} Nd5 $146 {White is slightly better.} ({Predecessor:} 15... Rab8 16. Qa4 Rd6 17. Rd1 Rxd1+ 18. Qxd1 Nd5 19. Qa4 Qb7 20. e4 Nxc3 21. bxc3 Bd3 {½-½ (29) Medancic,R (2235)-Belli,G (2006) Arco 2015}) 16. Qxe7 Nxe7 17. Re1 Nd5 18. Nxd5 exd5 19. e3 Rac8 20. Bd2 d4 21. exd4 Rxd4 22. Be3 Rd7 23. Red1 Rcd8 24. Rxd7 Rxd7 $16 {[%mdl 4096] Endgame KRB-KRB} 25. b4 h6 26. a4 {And now b5 would win.} Be2 27. Kg2 Rd1 28. Ra3 (28. Rxd1 {with more complications.} Bxd1 29. a5 a6 30. b5 axb5 31. Bc5) 28... a6 29. Bc5 Rd3 (29... g5 $14) 30. Rxd3 Bxd3 {KB-KB} 31. Kf3 f6 32. Ke3 Bc2 33. b5 {[%cal Bb4b5,Bb5a6,Ba6a7][%mdl 32]} Bxa4 $2 (33... axb5 $16 {might work better.} 34. a5 (34. axb5 Ba4 $16) 34... f5) 34. bxa6 $18 Kf7 35. Kd4 Bb5 36. a7 Bc6 37. g4 g6 $2 {[#]} (37... Kg6 38. Bf8 Bf3) 38. f4 $1 {[%cal Rf4f5]} Ke6 39. Bf8 h5 {[#]} 40. f5+ $1 {[%mdl 576] Double Attack. White mates.} Kf7 (40... gxf5 41. gxh5) 41. gxh5 gxh5 42. Bb4 Ke8 43. Kc5 Be4 44. Kd6 {Accuracy: White = 100%, Black = 58%.} 1-0

[Event "18th Caspian Cup-A 2020"]
[Site "Rasht"]
[Date "2020.02.17"]
[Round "5.5"]
[White "Quparadze, Giga"]
[Black "Daghli, Arash"]
[Result "1-0"]
[WhiteElo "2462"]
[BlackElo "2424"]
[Annotator "TA"]
[PlyCount "64"]
[EventDate "2020.02.14"]
[EventType "swiss"]
[EventCountry "IRI"]
[SourceTitle "playchess.com"]
[Source "ChessBase"]
[SourceQuality "1"]

{[%evp 25,64,0,0,-244,-253,-256,-245,-262,-249,-277,-265,-309,-238,-235,-232,-222,-103,-244,-223,-241,-218,-218,-195,-197,-129,-145,-133,-166,-161,-169,-163,-151,0,0,406,402,445,426,1212,1208,29972]} 1. e4 c5 2. Nf3 Nc6 3. d4 cxd4 4. Nxd4 Nf6 5. Nc3 e5 6. Ndb5 d6 7. Bg5 a6 8. Bxf6 gxf6 9. Na3 b5 10. Nd5 f5 11. Bxb5 axb5 12. Nxb5 Ra4 13. Nbc7+ Kd7 14. Qh5 $2 {B33: Sicilian: Pelikan and Sveshnikov Variations.} (14. O-O $1 $11) 14... Rxe4+ $19 15. Kf1 {[%cal Rh5f5]} Ne7 {...Nxd5 is the strong threat.} 16. Qxf7 {Black is clearly better.} Kc6 17. c4 {and if Nb5 works, White does fine.} Nxd5 18. cxd5+ Kb7 19. Ne6+ {[#]} Qd7 $146 ({Predecessor:} 19... Bd7 20. f3 Rb4 21. Qxf5 Qb6 22. Qb1 Rxb2 {0-1 (22) Petritaj,F (2192)-Piscopo,P (2405) Savigliano 2009}) 20. Qxf5 Qb5+ {[%mdl 64] Double Attack} 21. Kg1 {[#]} Rf4 $1 {[%cal Rf4f5][%mdl 512]} 22. Qg5 (22. Nxf4 Bxf5) 22... Bxe6 $1 ({Stronger than} 22... Qxb2 23. Rf1 $11) 23. dxe6 Qe8 ({Worse is} 23... Qxb2 24. Rf1 $11) 24. Re1 h5 (24... Be7 $19 25. Qg7 h5) 25. Qg3 $17 Rb4 26. Rc1 Kb8 27. h4 Qxe6 28. Rh3 Bh6 $2 ({Not} 28... Rxb2 {[#]} 29. Qc3 $1 $11 {[%mdl 512]}) (28... d5 $17 29. Qg5 Be7) 29. Qa3 $1 $11 {[%cal Ra3b4]} Rb7 $2 {[%mdl 8192]} (29... Rb6 $11 30. Qa5 d5) 30. Rc6 $18 Rg8 31. Rxd6 Qg4 (31... Qc4 $142) 32. Rg3 Bf8 {Accuracy: White = 95%, Black = 64%.} 1-0

[Event "18th Caspian Cup-A 2020"]
[Site "Rasht"]
[Date "2020.02.17"]
[Round "5.6"]
[White "Khoshkalam, Seyed Mehrab"]
[Black "Tahbaz, Arash"]
[Result "1-0"]
[WhiteElo "2280"]
[BlackElo "2461"]
[Annotator "TA"]
[PlyCount "105"]
[EventDate "2020.02.14"]
[EventType "swiss"]
[EventCountry "IRI"]
[SourceTitle "playchess.com"]
[Source "ChessBase"]
[SourceQuality "1"]

{[%evp 14,105,43,60,45,30,21,-2,-10,-70,-66,-79,-82,-78,-83,-93,-94,-172,-170,-187,-182,-257,-247,-349,-309,-367,-376,-439,-364,-379,-359,-481,-464,-470,-461,-432,-391,-360,-333,-509,0,0,0,0,0,0,0,0,0,0,58,55,68,38,43,43,43,43,43,45,49,45,158,135,125,115,125,126,229,229,348,353,438,437,418,422,610,600,605,592,622,620,619,614,611,599,616,588,683,625,647,609,5167,5167]} 1. d4 Nf6 2. c4 g6 3. Nc3 Bg7 4. e4 d6 5. f3 O-O 6. Be3 Nc6 7. Nge2 a6 8. Qd2 Na5 {E83: King's Indian: Sämisch Panno (6...Nc6): Lines without either Nge2 or Qd2.} 9. Nf4 b5 10. cxb5 axb5 {The position is equal.} 11. Bxb5 ({White should play} 11. Rd1 $11) 11... Nb3 $15 12. Qd1 Nxa1 13. Qxa1 Ba6 {[#]} 14. Bc6 $146 ({Predecessor:} 14. Bxa6 Rxa6 15. O-O c6 16. Qc1 Qa5 17. Nd3 Rb8 18. a4 Nd7 19. b4 Qb6 20. a5 {0-1 (39) Socko,M (2440)-Korobov,A (2713) Warsaw 2013}) 14... Rb8 15. Kf2 (15. b3 $17) 15... Nd7 $19 16. Nfe2 e5 17. d5 (17. Bxd7 $142 Qxd7 18. Rd1) 17... f5 18. exf5 (18. b3 {keeps fighting.}) 18... gxf5 {Threatens to win with ...f4.} ({Weaker is} 18... Rxf5 19. Ng3 $17) 19. Ba7 Nc5 20. Bxb8 Qxb8 21. h3 e4 22. f4 Qb6 {White must now prevent ...Nb3+.} 23. Kg3 Nd3 (23... Bxe2 $2 24. Nxe2 Qa6 25. Qe1 $17) 24. Kh2 Qe3 25. Qg1 Qd2 $1 26. Qa7 (26. Qd1 $142 Qxb2 27. Na4 Qxa2 28. Nac3) 26... Bc4 $2 (26... Bxc3 $19 27. bxc3 Qxe2 28. Qxa6 Qf2) 27. Rd1 $36 {[%mdl 2048] White has some pressure.} Qxb2 28. Rb1 Qd2 29. Rd1 Qc2 (29... Qb2 $5 30. Rb1 $8 Qd2 $11) 30. Ba4 Qb2 31. Rb1 Qa3 (31... Qd2 $11 32. Rd1 Qb2) 32. Qxc7 $14 {Rb7 would kill now.} Qc5 33. Rb7 {[%csl Gb7][%cal Rc7g7]} Qxc7 34. Rxc7 Nc5 {Hoping for ...Bxe2.} 35. Bb5 Bd3 36. a4 Ra8 37. Rc6 Nb7 ({Better is} 37... Nxa4 $14 38. Bxa4 Bxe2 39. Nxe2 Rxa4) 38. Ng3 Nc5 39. Nd1 $1 Bh6 {[#]} 40. Nh5 $1 {aiming for Ne3.} ({Don't do} 40. Nxf5 $6 Bxf4+ 41. g3 Be5 $14) 40... Nxa4 (40... Bxb5 $16 41. axb5 Ra3) 41. Bxa4 $18 Be2 (41... Rxa4 {was worth a try.} 42. Ne3 Be2) 42. Rxd6 Bf8 {[#]} 43. Nf6+ $1 Kf7 44. Be8+ Rxe8 (44... Kg7 $142) 45. Nxe8 Bxd1 {[%mdl 4096] Endgame KRN-KB} 46. Re6 Bb3 47. Nd6+ Kg8 48. Nxf5 Bxd5 49. Re5 Bb7 50. g4 Ba3 51. Kg3 Bb4 52. Kf2 Kf8 53. Rb5 {[%mdl 64] Double Attack. Accuracy: White = 66%, Black = 69%.} 1-0